Elites, intellectuals, and consensus: a study of the social question and the industrial relations systems in Chile (Record no. 417632)

000 -LEADER
fixed length control field 00576cam a22001457a 4500
008 - FIXED-LENGTH DATA ELEMENTS--GENERAL INFORMATION
fixed length control field 180718b1966 xxu||||| |||| 00| 0 eng d
082 ## - DEWEY DECIMAL CLASSIFICATION NUMBER
Classification number B124x83 M832
100 ## - MAIN ENTRY--PERSONAL NAME
Personal name Morris, James O.
245 ## - TITLE STATEMENT
Title Elites, intellectuals, and consensus: a study of the social question and the industrial relations systems in Chile
Statement of responsibility, etc. by James O. Morris
260 ## - PUBLICATION, DISTRIBUTION, ETC.
Place of publication, distribution, etc. New York
Name of publisher, distributor, etc. New York State School of Industrial And Labor Relations
Date of publication, distribution, etc. 1966
300 ## - PHYSICAL DESCRIPTION
Extent xviii, 292p
650 ## - SUBJECT ADDED ENTRY--TOPICAL TERM
Topical term or geographic name entry element Chile -Politics and government.
650 ## - SUBJECT ADDED ENTRY--TOPICAL TERM
Topical term or geographic name entry element Working class -Chile
650 ## - SUBJECT ADDED ENTRY--TOPICAL TERM
Topical term or geographic name entry element Industrial relations -Chile -History
Holdings
Withdrawn status Lost status Damaged status Not for loan Permanent Location Current Location Date acquired Full call number Barcode Date last seen Price effective from Koha item type
        Indian Institute of Public Administration Indian Institute of Public Administration 2009-03-27 B124x83 M832 42528 2018-07-21 2018-07-21 Book

Powered by Koha